[Event "Klasyfikacyjny wiosna grupa B"]
[Site "Bialystok"]
[Date "2011.??.??"]
[Round "6.3"]
[White "Smirnov, Aleksander"]
[Black "Trofimiuk, Tomasz"]
[Result "1-0"]
[WhiteElo "2220"]
[BlackElo "1490"]
[PlyCount "51"]
[EventDate "2011.??.??"]

1. e4 c5 2. Nf3 d6 3. Bc4 Nf6 4. d3 a6 5. a4 Nc6 6. Nbd2 g6 7. c3 Bg7 8. O-O
O-O 9. Re1 Qc7 10. h3 Bd7 11. Qe2 Na5 12. Ba2 b5 13. e5 Nh5 14. e6 Nf4 15.
exf7+ Kh8 16. Qf1 Bf5 17. Ne4 d5 18. Bxf4 Qxf4 19. Bxd5 Rad8 20. Ba2 Bxh3 21.
gxh3 Qxf3 22. Ng5 Qf5 23. Ne6 Rxd3 24. Bb1 Be5 25. Nxf8 Qf4 26. Rxe5 1-0

[Event "Klasyfikacyjny wiosna grupa B"]
[Site "Bialystok"]
[Date "2011.??.??"]
[Round "6.4"]
[White "Filimoniuk, Marcin"]
[Black "Borawski, Jakub"]
[Result "1-0"]
[WhiteElo "1768"]
[BlackElo "1867"]
[PlyCount "79"]
[EventDate "2011.??.??"]

1. e4 e5 2. Nc3 Nf6 3. Nf3 Nc6 4. d4 Bb4 5. d5 Nb8 6. Bd3 d6 7. O-O h6 8. Ne2
c6 9. a3 Ba5 10. b4 Bb6 11. c4 cxd5 12. cxd5 a5 13. Bd2 Na6 14. Ng3 g6 15. bxa5
Ba7 16. Bb5+ Bd7 17. Qa4 Nc5 18. Qb4 Bxb5 19. Qxb5+ Qd7 20. Rab1 h5 21. h4 O-O
22. Bg5 Qxb5 23. Rxb5 Nfxe4 24. Nxe4 Nxe4 25. Nd2 Nc3 26. Rxb7 Nxd5 27. Ne4 f6
28. Bh6 Rf7 29. Nxd6 Rxb7 30. Nxb7 Rb8 31. Rd1 Bd4 32. a6 Nc7 33. Na5 Rb2 34.
Nc6 Bxf2+ 35. Kf1 Nxa6 36. Rd7 Bc5 37. Rg7+ Kh8 38. Nd8 Rb1+ 39. Ke2 Rb2+ 40.
Kd1 1-0

[Event "Klasyfikacyjny wiosna grupa B"]
[Site "Bialystok"]
[Date "2011.??.??"]
[Round "6.5"]
[White "Szostko, Jakub"]
[Black "Strojek, Kazimierz"]
[Result "1-0"]
[WhiteElo "1546"]
[BlackElo "1819"]
[PlyCount "101"]
[EventDate "2011.??.??"]

1. e4 g6 2. d4 d6 3. Nc3 Bg7 4. Be3 Nf6 5. f3 O-O 6. Nge2 c6 7. Qd2 Be6 8. g4
Qa5 9. g5 Ne8 10. h4 f5 11. Nf4 Bf7 12. h5 e5 13. hxg6 exf4 14. gxf7+ Rxf7 15.
Bxf4 fxe4 16. fxe4 d5 17. Bh3 Nc7 18. Bf5 dxe4 19. Bxh7+ Kf8 20. Bd6+ Ke8 21.
Bg6 Ne6 22. Bxf7+ Kxf7 23. Rf1+ Ke8 24. Qf2 Nxg5 25. b4 Nf3+ 26. Qxf3 exf3 27.
bxa5 Bxd4 28. Rxf3 Kd7 29. Bg3 Na6 30. Rd1 Re8+ 31. Kf1 c5 32. Ne2 Rh8 33. Kg2
Kc6 34. Nxd4+ cxd4 35. Rxd4 Rh5 36. Rf6+ Kb5 37. Rd7 Nc5 38. Rdf7 Rd5 39. Rf2
Rd4 40. R7f5 b6 41. axb6 axb6 42. c3 Rd3 43. Rb2+ Kc4 44. Rxb6 Rd2+ 45. Rf2 Rd3
46. Rf4+ Kxc3 47. Rf3 Kc4 48. Rxd3 Nxd3 49. a4 Nc5 50. a5 Na4 51. Rb8 1-0

[Event "Klasyfikacyjny wiosna grupa B"]
[Site "Bialystok"]
[Date "2011.??.??"]
[Round "6.6"]
[White "Chilkiewicz, Marek"]
[Black "Sieklucki, Adam"]
[Result "1/2-1/2"]
[WhiteElo "1854"]
[BlackElo "1838"]
[PlyCount "61"]
[EventDate "2011.??.??"]

1. d4 Nf6 2. f4 d5 3. e3 Bg4 4. Nf3 e6 5. Bd3 Nbd7 6. O-O Ne4 7. Nbd2 f5 8. c4
c6 9. a3 a6 10. b4 b5 11. cxd5 cxd5 12. Qb3 Rc8 13. Bxe4 fxe4 14. Ne5 Be2 15.
Rf2 Nxe5 16. fxe5 Bc4 17. Nxc4 Rxc4 18. Bd2 Be7 19. a4 Rf8 20. Rxf8+ Kxf8 21.
axb5 axb5 22. Ra6 Qc8 23. Qa3 Kf7 24. Ra8 Qc7 25. Ra7 Qc8 26. Ra8 Qd7 27. Qa5
Rc2 28. Ra7 Qc8 29. Qxb5 Rxd2 30. Qf1+ Ke8 31. Qb5+ 1/2-1/2

[Event "Klasyfikacyjny wiosna grupa B"]
[Site "Bialystok"]
[Date "2011.??.??"]
[Round "6.7"]
[White "Kozaczynska, Aleksandra"]
[Black "Filewicz, Przemyslaw"]
[Result "0-1"]
[WhiteElo "1452"]
[BlackElo "1453"]
[PlyCount "142"]
[EventDate "2011.??.??"]

1. e4 e6 2. d4 d5 3. Nc3 Bb4 4. e5 c5 5. a3 cxd4 6. Qxd4 Bxc3+ 7. Qxc3 Nc6 8.
Qg3 g6 9. f4 Nge7 10. Bd3 Bd7 11. Nf3 Qc7 12. O-O O-O-O 13. Qf2 Kb8 14. Be3 Nf5
15. Bxf5 gxf5 16. Bc5 Ka8 17. Ng5 Bc8 18. Bd6 Qd7 19. b4 f6 20. Nf3 Rhg8 21.
Qd2 Rg4 22. b5 Ne7 23. a4 Rdg8 24. Rf2 Ng6 25. Nd4 Qg7 26. g3 h5 27. Ra3 h4 28.
Rg2 Nxf4 29. exf6 Nh3+ 30. Kf1 Qxf6 31. Ne2 f4 32. Qc3 Qxc3 33. Rxc3 f3 34.
Rxf3 Rxa4 35. Ke1 Ra1+ 36. Kd2 Ng5 37. Rb3 Ne4+ 38. Ke3 Nxd6 39. Nf4 hxg3 40.
hxg3 Nf5+ 41. Kf2 Ra2 42. Rc3 Bd7 43. g4 Nd4 44. Ke3 Nxb5 45. Rb3 a6 46. g5 Ra4
47. g6 Re4+ 48. Kf3 Nd4+ 49. Kg3 Nxb3 50. cxb3 e5 51. Nxd5 Rxg6+ 52. Kf3 Rxg2
53. Kxe4 Bc6 54. Kxe5 Rg5+ 55. Kd4 Rxd5+ 56. Kc3 b5 57. b4 Kb7 58. Kc2 Rd4 59.
Kc3 Rc4+ 60. Kb3 Kb6 61. Ka3 Rc3+ 62. Kb2 Rh3 63. Kc2 a5 64. bxa5+ Kxa5 65. Kb2
Kb4 66. Kc2 Ba8 67. Kd2 Kc4 68. Kc2 Rh2+ 69. Kb1 Kc3 70. Ka1 Kb3 71. Kb1 Rh1#
0-1

[Event "Klasyfikacyjny wiosna grupa B"]
[Site "Bialystok"]
[Date "2011.??.??"]
[Round "6.8"]
[White "Gorbacz, Filip"]
[Black "Daciuk, Jaroslaw"]
[Result "1-0"]
[WhiteElo "1652"]
[BlackElo "1594"]
[PlyCount "61"]
[EventDate "2011.??.??"]

1. e4 c5 2. Nc3 e6 3. Nf3 Nc6 4. d4 cxd4 5. Nxd4 Qc7 6. Be3 a6 7. a4 b6 8. Be2
Bb7 9. O-O Nf6 10. f3 Bc5 11. Qd2 h5 12. Rfd1 Nxd4 13. Bxd4 d5 14. exd5 Nxd5
15. Nxd5 Bxd5 16. c4 Bb7 17. b4 O-O-O 18. Qe3 Bxb4 19. Bxb6 Qc6 20. a5 Rxd1+
21. Rxd1 Be7 22. Kf1 f6 23. c5 Bd8 24. Bc4 e5 25. Qd3 Bxb6 26. cxb6 Qa4 27.
Bxa6 Qc6 28. Bb5 Qc5 29. a6 Qxb6 30. axb7+ Qxb7 31. Ba6 1-0

[Event "Klasyfikacyjny wiosna grupa B"]
[Site "Bialystok"]
[Date "2011.??.??"]
[Round "6.10"]
[White "Bobras, Jan"]
[Black "Burakowska, Gabriela"]
[Result "1-0"]
[WhiteElo "1679"]
[BlackElo "1612"]
[PlyCount "81"]
[EventDate "2011.??.??"]

1. e4 Nc6 2. Nf3 d5 3. exd5 Qxd5 4. Nc3 Qa5 5. d4 Nf6 6. a3 Bg4 7. Bb5 O-O-O 8.
Bxc6 bxc6 9. O-O Qh5 10. Be3 Bxf3 11. Qxf3 Qxf3 12. gxf3 e6 13. Ne2 Nd7 14. c4
c5 15. b4 cxd4 16. Bxd4 c5 17. Be3 Ne5 18. Rfc1 Nxf3+ 19. Kg2 Nd2 20. Rc2 Ne4
21. f3 Nf6 22. bxc5 Rd7 23. Rb1 Rb7 24. Rcb2 Rxb2 25. Rxb2 Kc7 26. c6 Kxc6 27.
Nd4+ Kc5 28. Nxe6+ Kxc4 29. Nxf8 Rxf8 30. Rb4+ Kd5 31. Bxa7 Rc8 32. a4 Rc4 33.
Rb5+ Ke6 34. a5 Rc2+ 35. Kg3 Nd5 36. Bd4 g6 37. a6 Rc6 38. a7 Nc7 39. Rb7 Na8
40. Rb8 Nc7 41. Rc8 1-0

[Event "Klasyfikacyjny wiosna grupa B"]
[Site "Bialystok"]
[Date "2011.??.??"]
[Round "7.1"]
[White "Szostko, Jakub"]
[Black "Kostyra, Stanislaw"]
[Result "0-1"]
[WhiteElo "1546"]
[BlackElo "2323"]
[PlyCount "120"]
[EventDate "2011.??.??"]

1. e4 e6 2. d4 c5 3. Nf3 cxd4 4. Nxd4 Nc6 5. Nc3 Qc7 6. Be2 a6 7. O-O Nf6 8.
Be3 Bb4 9. Na4 b5 10. Nxc6 dxc6 11. Nb6 Rb8 12. Nxc8 Rxc8 13. Bf3 Rd8 14. Qe2
Qe5 15. c3 Bc5 16. Bxc5 Qxc5 17. Rad1 Ke7 18. Rfe1 e5 19. h3 h6 20. g3 g5 21.
Rxd8 Rxd8 22. Rd1 Rxd1+ 23. Qxd1 Qc4 24. Qb1 Nd7 25. Kg2 Nc5 26. Kh2 Qd3 27.
Qd1 Qxd1 28. Bxd1 Nxe4 29. Kg2 Nd2 30. Be2 e4 31. g4 Kd6 32. Kg3 Ke5 33. a4 Kd5
34. axb5 axb5 35. h4 Nc4 36. hxg5 hxg5 37. f3 Nxb2 38. fxe4+ Ke5 39. Kf3 Na4
40. c4 b4 41. Bd1 Nc5 42. Ke3 b3 43. Kd2 Kd4 44. Bf3 Nxe4+ 45. Bxe4 Kxe4 46.
Kc3 c5 47. Kxb3 Kd3 48. Kb2 Kxc4 49. Kc2 Kd4 50. Kd2 c4 51. Kc2 c3 52. Kc1 Kd3
53. Kd1 c2+ 54. Kc1 f6 55. Kb2 Kd2 56. Ka2 c1=Q 57. Kb3 Qc5 58. Ka4 Qb6 59. Ka3
Kc3 60. Ka2 Qb2# 0-1

[Event "Klasyfikacyjny wiosna grupa B"]
[Site "Bialystok"]
[Date "2011.??.??"]
[Round "7.2"]
[White "Olhovik, Andrei"]
[Black "Filimoniuk, Marcin"]
[Result "1-0"]
[WhiteElo "2206"]
[BlackElo "1768"]
[PlyCount "103"]
[EventDate "2011.??.??"]

1. Nf3 Nf6 2. c4 d5 3. cxd5 Nxd5 4. Nc3 g6 5. g3 Bg7 6. Bg2 e5 7. O-O c6 8. d3
h6 9. Bd2 O-O 10. Rb1 Be6 11. Qc1 Kh7 12. Ne4 Nd7 13. b4 Qe7 14. a4 Rac8 15.
Nc5 b6 16. Nxe6 Qxe6 17. e4 Nc7 18. Bc3 c5 19. b5 Rfd8 20. Qb2 Qe7 21. Rbd1 f6
22. Nd2 Ne6 23. Nc4 Nd4 24. Bh3 Nf3+ 25. Kh1 Ng5 26. Bg4 Ne6 27. f4 Nd4 28. a5
Rb8 29. a6 Rf8 30. Bh3 Rbd8 31. Rf2 Rf7 32. Rdf1 Rdf8 33. Bxd4 cxd4 34. Bxd7
Qxd7 35. Qb3 exf4 36. gxf4 Rc8 37. Rg2 Rc5 38. Rb1 Re7 39. Qb2 h5 40. Rbg1 Qxb5
41. Qe2 Qe8 42. f5 gxf5 43. Nd6 Qd7 44. Qxh5+ Kg8 45. Nxf5 Rxf5 46. Qxf5 Qxf5
47. exf5 Kh7 48. Rg4 Rd7 49. Rh4+ Kg8 50. Rgg4 Rd5 51. Rxd4 Rxf5 52. Rd7 1-0

[Event "Klasyfikacyjny wiosna grupa B"]
[Site "Bialystok"]
[Date "2011.??.??"]
[Round "7.3"]
[White "Bartoszewicz, Marcin"]
[Black "Smirnov, Aleksander"]
[Result "0-1"]
[WhiteElo "1975"]
[BlackElo "2220"]
[PlyCount "86"]
[EventDate "2011.??.??"]

1. e4 c5 2. Nf3 a6 3. c4 e6 4. Nc3 Qc7 5. Be2 Nc6 6. d4 cxd4 7. Nxd4 Nf6 8. O-O
Bb4 9. Nxc6 dxc6 10. Qc2 e5 11. Bg5 Be7 12. Na4 c5 13. Nc3 O-O 14. Rad1 h6 15.
Bxf6 Bxf6 16. Nd5 Qc6 17. Qc3 Re8 18. Qg3 Bd8 19. f4 exf4 20. Qxf4 Qg6 21. Bf3
Be6 22. Qe3 Rc8 23. Qe2 Qg5 24. e5 Bc7 25. Rfe1 Bb8 26. Rd3 Kh8 27. Re3 Rcd8
28. g3 b5 29. b3 bxc4 30. bxc4 Rd7 31. Kg2 Qd8 32. Qd2 Bc7 33. Qc1 Qc8 34. R1e2
Bd8 35. h4 Bf5 36. Nf6 gxf6 37. exf6 Rxe3 38. Qxe3 Kh7 39. Qe8 Qc7 40. Qf8 Bxf6
41. Re8 Rd2+ 42. Be2 Bg7 43. Qg8+ Kg6 0-1

[Event "Klasyfikacyjny wiosna grupa B"]
[Site "Bialystok"]
[Date "2011.??.??"]
[Round "7.4"]
[White "Filewicz, Przemyslaw"]
[Black "Zochowski, Kacper"]
[Result "0-1"]
[WhiteElo "1453"]
[BlackElo "1942"]
[PlyCount "82"]
[EventDate "2011.??.??"]

1. e4 e5 2. Nf3 Nc6 3. Bb5 a6 4. Ba4 Nf6 5. O-O b5 6. Bb3 Be7 7. d3 d6 8. Be3
Na5 9. c3 Nxb3 10. axb3 O-O 11. Na3 Bb7 12. Nc2 c5 13. c4 Ne8 14. Bd2 f5 15.
Ba5 Qd7 16. Nd2 Nf6 17. f3 b4 18. Ne3 f4 19. Nd5 Rae8 20. Qe1 Nh5 21. Qf2 Bg5
22. Ra2 Re6 23. Rfa1 Rg6 24. Bb6 Rb8 25. Bc7 Rf8 26. Bb6 Nf6 27. Ra5 Rc8 28.
R5a2 Kh8 29. Ba5 Rf8 30. Bb6 Ng8 31. Ra4 Ne7 32. R4a2 Nc6 33. Ra4 Nd4 34. Rc1
Bh4 35. Qf1 Qf7 36. Ra2 Bc8 37. Kh1 Rh6 38. Qd1 Bg3 39. Nf1 Rxh2+ 40. Kg1 Qh5
41. Nxg3 fxg3 0-1

[Event "Klasyfikacyjny wiosna grupa B"]
[Site "Bialystok"]
[Date "2011.??.??"]
[Round "7.5"]
[White "Trofimiuk, Tomasz"]
[Black "Bernacki, Krzysztof"]
[Result "0-1"]
[WhiteElo "1490"]
[BlackElo "2021"]
[PlyCount "96"]
[EventDate "2011.??.??"]

1. e4 c5 2. Nf3 Nf6 3. Nc3 Nc6 4. d4 d5 5. e5 Ne4 6. dxc5 Nxc3 7. bxc3 Qa5 8.
Bd2 Bg4 9. c4 Qxc5 10. cxd5 Qxd5 11. Be2 Bxf3 12. Bxf3 Qxe5+ 13. Be3 Rd8 14.
Qc1 Qc3+ 15. Kf1 e6 16. g3 Bc5 17. Rb1 O-O 18. Bxc5 Qxf3 19. Rg1 Rfe8 20. Qe3
Rd1+ 21. Rxd1 Qxd1+ 22. Kg2 Qd5+ 23. Kh3 Qh5+ 24. Kg2 Qd5+ 25. Kh3 Qf5+ 26. Kg2
Qxc2 27. Rc1 Qxa2 28. Rd1 Rd8 29. Rxd8+ Nxd8 30. Bxa7 Qd5+ 31. Kg1 h6 32. Bb6
Nc6 33. Qa3 Ne5 34. h4 Kh7 35. Qb2 Nf3+ 36. Kf1 e5 37. Qc2+ g6 38. Be3 Nd4 39.
Bxd4 exd4 40. Qd3 b5 41. g4 Qh1+ 42. Ke2 Qd5 43. h5 Qc4 44. hxg6+ fxg6 45. f4
h5 46. gxh5 Qxd3+ 47. Kxd3 gxh5 48. Kxd4 h4 0-1

[Event "Klasyfikacyjny wiosna grupa B"]
[Site "Bialystok"]
[Date "2011.??.??"]
[Round "7.6"]
[White "Borawski, Jakub"]
[Black "Gorbacz, Filip"]
[Result "1-0"]
[WhiteElo "1867"]
[BlackElo "1652"]
[PlyCount "136"]
[EventDate "2011.??.??"]

1. e4 e5 2. Nf3 Nc6 3. Bc4 Nf6 4. d3 d5 5. exd5 Nxd5 6. c3 Be6 7. Qe2 Bd6 8. d4
f6 9. dxe5 Nxe5 10. Nd4 Nxc4 11. Nxe6 Qe7 12. Nxg7+ Kf7 13. Qxe7+ Nxe7 14. Nh5
Rae8 15. O-O Kg6 16. Ng3 Nd5 17. Nd2 Nxd2 18. Bxd2 Bxg3 19. hxg3 Re2 20. Rad1
Rhe8 21. c4 Nb6 22. b3 R8e7 23. a4 Nd7 24. Be3 Rb2 25. Rb1 Rxb1 26. Rxb1 Ne5
27. Rd1 Rd7 28. Rxd7 Nxd7 29. g4 Kf7 30. f4 Ke6 31. Kf2 a6 32. Kf3 Nb8 33. Ke4
Nc6 34. f5+ Kf7 35. c5 Ne7 36. g5 c6 37. g4 fxg5 38. Bxg5 Nd5 39. Ke5 Nc3 40.
Be3 Nd5 41. Bd2 Ke7 42. g5 Kd7 43. b4 b6 44. g6 hxg6 45. fxg6 Ke7 46. Bg5+ Kf8
47. Bh6+ Ke7 48. g7 Kf7 49. Kd6 bxc5 50. bxc5 Ne7 51. Bg5 Nf5+ 52. Kxc6 Nxg7
53. Kb6 Ne6 54. Be3 a5 55. Kxa5 Ke7 56. Kb6 Kd7 57. Kb7 Nd8+ 58. Kb6 Ne6 59. a5
Kc8 60. Ka7 Kc7 61. a6 Kc8 62. Bf2 Kc7 63. Bg3+ Kc6 64. Bd6 Kb5 65. Kb7 Nd8+
66. Kc7 Ne6+ 67. Kb7 Nd8+ 68. Kc7 Nc6 1-0

[Event "Klasyfikacyjny wiosna grupa B"]
[Site "Bialystok"]
[Date "2011.??.??"]
[Round "7.7"]
[White "Strojek, Kazimierz"]
[Black "Chilkiewicz, Marek"]
[Result "1-0"]
[WhiteElo "1819"]
[BlackElo "1854"]
[PlyCount "87"]
[EventDate "2011.??.??"]

1. e4 c6 2. Nc3 d5 3. Nf3 dxe4 4. Nxe4 Bf5 5. Ng3 Bg6 6. Bc4 e6 7. O-O Nf6 8.
d4 Nd5 9. c3 Nd7 10. Re1 N7f6 11. Ne5 Nd7 12. Bxd5 cxd5 13. Qa4 Bd6 14. f4 Bxe5
15. fxe5 O-O 16. Qb5 Qc7 17. h4 f5 18. Rf1 a6 19. Qe2 Nb6 20. Rf2 Nc4 21. b3
Na5 22. Bd2 b5 23. Rc1 Nc6 24. Qe3 Qb6 25. Ne2 a5 26. Nf4 Bf7 27. Nd3 b4 28.
Nc5 bxc3 29. Bxc3 Ra7 30. a3 Nb8 31. b4 axb4 32. Bxb4 Rc8 33. Rfc2 Be8 34. Kh2
Bb5 35. Nb3 Rxc2 36. Rxc2 Bc4 37. Nd2 Rc7 38. Bc5 Qa6 39. Rb2 Nd7 40. Qg5 Rc8
41. Bd6 Re8 42. Nf3 Nf6 43. exf6 Qxd6+ 44. Ne5 1-0

[Event "Klasyfikacyjny wiosna grupa B"]
[Site "Bialystok"]
[Date "2011.??.??"]
[Round "7.9"]
[White "Smolarczyk, Tomasz"]
[Black "Kozaczynska, Aleksandra"]
[Result "1/2-1/2"]
[WhiteElo "1571"]
[BlackElo "1452"]
[PlyCount "41"]
[EventDate "2011.??.??"]

1. e4 e5 2. Nf3 Nc6 3. Bc4 Bc5 4. c3 Nf6 5. d3 O-O 6. Nbd2 d6 7. h3 Na5 8. b4
Nxc4 9. Nxc4 Bb6 10. O-O h6 11. Nxb6 axb6 12. Nh4 Nxe4 13. dxe4 Qxh4 14. Qd5
Qf6 15. Qd3 Be6 16. f4 exf4 17. Rxf4 Qe7 18. a3 Rfd8 19. c4 Re8 20. Bb2 Kh8 21.
h4 1/2-1/2

[Event "Klasyfikacyjny wiosna grupa B"]
[Site "Bialystok"]
[Date "2011.??.??"]
[Round "7.11"]
[White "Bobras, Jan"]
[Black "Ocytko, Michal"]
[Result "1/2-1/2"]
[WhiteElo "1679"]
[BlackElo "1368"]
[PlyCount "146"]
[EventDate "2011.??.??"]

1. e4 d5 2. exd5 Qxd5 3. Nc3 Qd8 4. d4 Nf6 5. Nf3 g6 6. Be2 Bg7 7. O-O O-O 8.
Bf4 Nd5 9. Nxd5 Qxd5 10. c3 c6 11. Qd2 Bg4 12. Bh6 Nd7 13. Bxg7 Kxg7 14. h3
Bxf3 15. Bxf3 Qd6 16. Rad1 Nf6 17. Rfe1 e6 18. a4 a5 19. Qg5 h6 20. Qe5 Qxe5
21. dxe5 Nd5 22. c4 Nb4 23. Rd7 Rab8 24. Red1 b5 25. cxb5 cxb5 26. b3 bxa4 27.
bxa4 Rfc8 28. Ra7 Rc5 29. Bg4 Rxe5 30. f4 Re4 31. Rdd7 Rf8 32. Rxa5 h5 33. Bf3
Rxf4 34. Re5 Kf6 35. Rb5 Nc2 36. Rc5 Nd4 37. Bd1 Nf5 38. Ra7 Rd4 39. Bf3 Nh4
40. a5 Nxf3+ 41. gxf3 Rd2 42. Rcc7 Rb8 43. Rxf7+ Kg5 44. Rab7 Rxb7 45. Rxb7 Ra2
46. Rb6 Rxa5 47. Rxe6 Ra2 48. Re4 Kf5 49. h4 g5 50. hxg5 Kxg5 51. Kf1 Kf5 52.
Rh4 Kg5 53. Re4 Rh2 54. Kg1 Rd2 55. Kf1 Kf5 56. Rh4 Kg5 57. Re4 Rc2 58. Kg1 Rb2
59. Kf1 Ra2 60. Kg1 Kf5 61. Rh4 Kg6 62. Re4 Kg5 63. Kf1 Rb2 64. Kg1 Rc2 65. Kf1
Rd2 66. Kg1 Kg6 67. Kf1 Kh6 68. f4 h4 69. Re2 Rxe2 70. Kxe2 Kg6 71. Kf2 Kf5 72.
Kf3 h3 73. Kg3 h2 1/2-1/2

[Event "Klasyfikacyjny wiosna grupa B"]
[Site "Bialystok"]
[Date "2011.??.??"]
[Round "7.12"]
[White "Burakowska, Gabriela"]
[Black "Grabarczyk, Edmund"]
[Result "1-0"]
[WhiteElo "1612"]
[BlackElo "1585"]
[PlyCount "71"]
[EventDate "2011.??.??"]

1. d4 Nf6 2. Nf3 g6 3. Bf4 Bg7 4. e3 d6 5. Be2 Nh5 6. Bg3 c5 7. c3 Qb6 8. Qc2
Nxg3 9. hxg3 Bg4 10. Nbd2 Nd7 11. Nc4 Qc7 12. Ncd2 a6 13. a4 d5 14. Rc1 f6 15.
Bd3 O-O-O 16. dxc5 Nxc5 17. b4 Nd7 18. b5 a5 19. c4 Nc5 20. Be2 b6 21. cxd5
Rxd5 22. Nd4 Bxe2 23. Kxe2 Kb7 24. Qc4 Qd6 25. N2b3 e5 26. Nf3 Nxb3 27. Qxb3
Rd8 28. Qb2 h5 29. Rc6 Qb4 30. Qc2 R8d7 31. Rc1 Qe7 32. e4 R5d6 33. Rxd6 Rxd6
34. Qc8+ Ka7 35. Qa6+ Kb8 36. Rc8# 1-0

[Event "Klasyfikacyjny wiosna grupa B"]
[Site "Bialystok"]
[Date "2011.??.??"]
[Round "8.1"]
[White "Bernacki, Krzysztof"]
[Black "Kostyra, Stanislaw"]
[Result "1/2-1/2"]
[WhiteElo "2021"]
[BlackElo "2323"]
[PlyCount "53"]
[EventDate "2011.??.??"]

1. c4 e5 2. Nc3 Nc6 3. g3 g6 4. Bg2 Bg7 5. Rb1 d6 6. e3 Be6 7. d3 Qd7 8. b4
Nge7 9. Nd5 O-O 10. Ne2 Rae8 11. O-O Nd8 12. b5 Nc8 13. Qa4 f5 14. f4 c6 15.
bxc6 bxc6 16. Ndc3 Nb6 17. Qc2 e4 18. dxe4 Bxc4 19. exf5 Qxf5 20. Qxf5 gxf5 21.
Rd1 d5 22. Bh3 Ne6 23. Nd4 Nxd4 24. exd4 Re6 25. Ba3 Rf7 26. Bc5 Re3 27. Rbc1
1/2-1/2

[Event "Klasyfikacyjny wiosna grupa B"]
[Site "Bialystok"]
[Date "2011.??.??"]
[Round "8.2"]
[White "Smirnov, Aleksander"]
[Black "Olhovik, Andrei"]
[Result "0-1"]
[WhiteElo "2220"]
[BlackElo "2206"]
[PlyCount "58"]
[EventDate "2011.??.??"]

1. e4 c5 2. Nf3 d6 3. d4 cxd4 4. Nxd4 Nf6 5. Nc3 g6 6. Be3 Bg7 7. f3 Nc6 8. Qd2
O-O 9. Bc4 Bd7 10. O-O-O Rc8 11. Bb3 Ne5 12. Bh6 Nc4 13. Bxc4 Rxc4 14. Bxg7
Kxg7 15. g4 b5 16. e5 dxe5 17. Ndxb5 Qa5 18. Na3 Rd4 19. Qe2 Be6 20. Rhe1 Nd7
21. h4 Rb8 22. Nab1 Bxa2 23. Nxa2 Qxa2 24. c3 Rd6 25. f4 Nc5 26. Qxe5+ Kg8 27.
c4 Nb3+ 28. Kc2 Nd4+ 29. Rxd4 Qxb2+ 0-1

[Event "Klasyfikacyjny wiosna grupa B"]
[Site "Bialystok"]
[Date "2011.??.??"]
[Round "8.3"]
[White "Zochowski, Kacper"]
[Black "Sieklucki, Adam"]
[Result "1/2-1/2"]
[WhiteElo "1942"]
[BlackElo "1838"]
[PlyCount "132"]
[EventDate "2011.??.??"]

1. e4 c5 2. Nf3 d6 3. d4 cxd4 4. Nxd4 Nf6 5. Nc3 a6 6. Bg5 e6 7. f4 Be7 8. Qf3
Qc7 9. O-O-O Nbd7 10. Bd3 h6 11. Bxf6 Bxf6 12. Be2 Rb8 13. f5 Ne5 14. Qh3 O-O
15. g4 b5 16. Bd3 Bd7 17. Nce2 Rfe8 18. Qg3 Nc4 19. h4 Qc5 20. Bxc4 bxc4 21. c3
Be5 22. Qg2 Rb7 23. fxe6 Bxe6 24. Nxe6 fxe6 25. Nd4 Reb8 26. Rhf1 Qa5 27. a3
Bxd4 28. Rxd4 Qxc3+ 29. bxc3 Rb1+ 30. Kd2 R8b2+ 31. Ke3 Rxg2 32. Rxd6 Rg3+ 33.
Rf3 Rxf3+ 34. Kxf3 Rb3 35. Rxa6 e5 36. g5 h5 37. g6 Rxc3+ 38. Kf2 Kf8 39. Ra7
Rc2+ 40. Kf3 Rc3+ 41. Ke2 Rc2+ 42. Ke3 Rc3+ 43. Kd2 Rf3 44. a4 Rg3 45. Rf7+ Kg8
46. Re7 Rxg6 47. Rxe5 Rg4 48. a5 Rxh4 49. Kc3 Rh3+ 50. Kxc4 Ra3 51. Kb4 Ra1 52.
Rxh5 Kf7 53. Kb5 Kf6 54. Kb6 g5 55. e5+ Kg6 56. Rh8 g4 57. a6 Kf5 58. Rg8 Rb1+
59. Kc7 Ra1 60. Kb7 Rb1+ 61. Ka8 Rb4 62. Re8 g3 63. e6 Rb6 64. e7 Rxa6+ 65. Kb7
Re6 66. Rf8+ Kg4 1/2-1/2

[Event "Klasyfikacyjny wiosna grupa B"]
[Site "Bialystok"]
[Date "2011.??.??"]
[Round "8.4"]
[White "Bartoszewicz, Marcin"]
[Black "Szostko, Jakub"]
[Result "1-0"]
[WhiteElo "1975"]
[BlackElo "1546"]
[PlyCount "107"]
[EventDate "2011.??.??"]

1. e4 e5 2. Nf3 Nc6 3. Bb5 a6 4. Ba4 Nf6 5. O-O b5 6. Bb3 Be7 7. Re1 d6 8. c3
O-O 9. h3 Nb8 10. d4 Nbd7 11. Nbd2 Bb7 12. Bc2 Re8 13. Nf1 Bf8 14. Ng3 g6 15.
Bd3 Bg7 16. a4 c6 17. Be3 Qc7 18. Qc2 Nb6 19. b3 Rac8 20. Rab1 Nbd7 21. Qd2
exd4 22. cxd4 c5 23. axb5 axb5 24. Bf4 Qb6 25. d5 b4 26. Qc2 Ba6 27. Nd2 Ne5
28. Bxa6 Qxa6 29. Bxe5 dxe5 30. Ra1 Qb7 31. Ra5 Bf8 32. Nc4 Ra8 33. Rea1 Nd7
34. Qa2 Rxa5 35. Qxa5 h5 36. Qa6 Rb8 37. Nf1 Be7 38. Nfd2 Kg7 39. Qc6 f6 40.
Ra6 Kf7 41. Qe6+ Kf8 42. Na5 Qb5 43. Ra7 Qd3 44. Rxd7 Re8 45. Nac4 Qe2 46. d6
Qe1+ 47. Nf1 Qxe4 48. Rxe7 Rxe7 49. Qxe7+ Kg8 50. d7 Qd5 51. Nd6 Qa8 52. Qf7+
Kh8 53. Qxg6 h4 54. Nf7# 1-0

[Event "Klasyfikacyjny wiosna grupa B"]
[Site "Bialystok"]
[Date "2011.??.??"]
[Round "8.5"]
[White "Borawski, Jakub"]
[Black "Strojek, Kazimierz"]
[Result "1-0"]
[WhiteElo "1867"]
[BlackElo "1819"]
[PlyCount "37"]
[EventDate "2011.??.??"]

1. e4 g6 2. d4 Bg7 3. Nc3 d6 4. Be3 Nf6 5. f3 O-O 6. Qd2 c6 7. O-O-O Qa5 8. Kb1
Ne8 9. Bh6 f5 10. h4 fxe4 11. fxe4 Qh5 12. Bc4+ e6 13. Bg5 Nf6 14. Nh3 Ng4 15.
Nf4 Rxf4 16. Qxf4 h6 17. Qxd6 hxg5 18. Bxe6+ Bxe6 19. Qxe6+ 1-0

[Event "Klasyfikacyjny wiosna grupa B"]
[Site "Bialystok"]
[Date "2011.??.??"]
[Round "8.6"]
[White "Filewicz, Przemyslaw"]
[Black "Filimoniuk, Marcin"]
[Result "1-0"]
[WhiteElo "1453"]
[BlackElo "1768"]
[PlyCount "53"]
[EventDate "2011.??.??"]

1. e4 d6 2. d4 Nf6 3. Nc3 g6 4. Bc4 Bg7 5. Be3 O-O 6. Nge2 c6 7. f3 b5 8. Bd3
Nbd7 9. Qd2 Nb6 10. O-O-O b4 11. Nb1 a5 12. g4 e5 13. dxe5 dxe5 14. h4 Be6 15.
Bh6 c5 16. Bxg7 Kxg7 17. h5 Qc7 18. hxg6 fxg6 19. Qh6+ Kg8 20. Ng3 c4 21. Be2
Rad8 22. g5 Rxd1+ 23. Rxd1 Nbd7 24. Nh5 Nc5 25. Nxf6+ Rxf6 26. gxf6 Nb3+ 27.
axb3 1-0

[Event "Klasyfikacyjny wiosna grupa B"]
[Site "Bialystok"]
[Date "2011.??.??"]
[Round "8.7"]
[White "Chilkiewicz, Marek"]
[Black "Smolarczyk, Tomasz"]
[Result "1-0"]
[WhiteElo "1854"]
[BlackElo "1571"]
[PlyCount "33"]
[EventDate "2011.??.??"]

1. d4 Nf6 2. f4 e6 3. Nf3 b6 4. e3 Bb7 5. Bd3 c5 6. c3 d6 7. O-O Be7 8. Nbd2 d5
9. Ne5 Nbd7 10. Ndf3 O-O 11. Nxd7 Qxd7 12. Ne5 Qc7 13. Rf3 Rfe8 14. Rh3 h6 15.
g4 Ne4 16. g5 hxg5 17. Qh5 1-0

[Event "Klasyfikacyjny wiosna grupa B"]
[Site "Bialystok"]
[Date "2011.??.??"]
[Round "8.8"]
[White "Kozaczynska, Aleksandra"]
[Black "Gorbacz, Filip"]
[Result "0-1"]
[WhiteElo "1452"]
[BlackElo "1652"]
[PlyCount "70"]
[EventDate "2011.??.??"]

1. e4 c5 2. Nf3 d6 3. d4 cxd4 4. Nxd4 Nf6 5. Nc3 a6 6. Be2 e6 7. O-O Be7 8. f4
Nbd7 9. Nb3 O-O 10. Bd3 b5 11. a3 Bb7 12. Qe1 Qc7 13. Bd2 Nc5 14. Nxc5 dxc5 15.
e5 Nd5 16. Be4 Rad8 17. Bf3 Rd7 18. Qe2 Rfd8 19. Rad1 Nb6 20. Bxb7 Qxb7 21. Bc1
Nd5 22. Bd2 Nxc3 23. Bxc3 b4 24. axb4 cxb4 25. Bd2 Bc5+ 26. Kh1 Qb5 27. Rfe1
Qxe2 28. Rxe2 Be3 29. Rxe3 Rxd2 30. Rxd2 Rxd2 31. Rd3 Rxd3 32. cxd3 a5 33. Kg1
a4 34. Kf2 a3 35. bxa3 bxa3 0-1